000 00734nam a2200289 a 4500
003 AR-BaBNM
005 20251128210715.0
008 082120s2002 ||||||||||||||000 | spa||
020 _a0-582-10309-6
040 _cAR-BaBNM
100 1 _aWalker, Elaine
245 0 0 _aGrammar practice for upper intermediate students
250 _a1st ed.
260 _aHarlow
_bLongman
_c1995
300 _a170 p.
_bil.
650 4 _aINGLES
650 4 _aLENGUAS GERMANICAS
650 4 _aENSEÑANZA DE IDIOMAS
650 4 _aACTIVIDADES DE APRENDIZAJE
650 4 _aGRAMATICA
650 4 _aENSEÑANZA DEL VOCABULARIO
650 4 _aVOCABULARIO
650 4 _aSINTAXIS
700 1 _aElsworth, Steve
942 _cBK
998 _cMARTIN
999 _c16538
_d16538